LEADER 01083nam0-22003251i-450- 001 990007048730403321 005 20050216114032.0 010 $a0-7156-2808-9 035 $a000704873 035 $aFED01000704873 035 $a(Aleph)000704873FED01 035 $a000704873 100 $a20020220d1998----km-y0itay50------ba 101 0 $aeng 102 $aGB 105 $aab------001yy 200 1 $aVergil's 'Aeneid': Augustan Epic and Political Context$fedited, with an Introduction, by Hans-Peter Stahl$gContributors: Elaine Fantham [et. al.] 210 $aLondon$cDuckworth & Co.$cThe Classical Press of Wales$d1998 215 $aXXXIII, 324 p.$cill.$d23 cm 676 $a873$v20$zita 702 1$aFantham,$bElaine 702 1$aStahl,$bHans-Peter 702 1$aVergilius Maro,$bPublius$f<70-19 a. C.> 801 0$aIT$bUNINA$gRICA$2UNIMARC 901 $aBK 912 $a990007048730403321 952 $aDDR-Fonti II - Vergilius St. 039$b4903 ddr$fDDR$m21-1759 959 $aDDR 996 $aVergil's 'Aeneid': Augustan Epic and Political Context$9707322 997 $aUNINA LEADER 01594nam 2200397 a 450 001 9910693388403321 005 20050630084844.0 035 $a(CKB)5470000002361648 035 $a(OCoLC)60776199 035 $a(EXLCZ)995470000002361648 100 $a20050628d2005 ua 0 101 0 $aeng 135 $aurmn|---||||| 181 $ctxt$2rdacontent 182 $cc$2rdamedia 183 $acr$2rdacarrier 200 10$aHomeland security$b[electronic resource] $eactions needed to better protect national icons and federal office buildings from terrorism : report to the Chairman, Committee on Government Reform, House of Representatives 210 1$a[Washington, D.C.] :$cU.S. Government Accountability Office,$d[2005] 300 $aTitle from title screen (viewed on June 30, 2005). 300 $a"June 2005." 300 $aPaper version available from: U.S. Government Accountability Office, 441 G St., NW, Rm. LM, Washington, D.C. 20548. 300 $a"GAO-05-790." 320 $aIncludes bibliographical references. 517 $aHomeland security 606 $aPublic buildings$xSecurity measures$zUnited States$xEvaluation 606 $aTerrorism$xPrevention$xGovernment policy$zUnited States 606 $aNational security$zUnited States$xEvaluation 615 0$aPublic buildings$xSecurity measures$xEvaluation. 615 0$aTerrorism$xPrevention$xGovernment policy 615 0$aNational security$xEvaluation. 801 0$bGPO 801 1$bGPO 906 $aBOOK 912 $a9910693388403321 996 $aHomeland Security$91686681 997 $aUNINA